La otra iglesia imposible / (Registro nro. 61370)
[ vista simple ]
| 000 -LEADER | |
|---|---|
| fixed length control field | 00946cam a2200277 i 4500 |
| 001 - CONTROL NUMBER | |
| control field | 61370 |
| 003 - CONTROL NUMBER IDENTIFIER | |
| control field | Mx-PuUPA |
| 005 - DATE AND TIME OF LATEST TRANSACTION | |
| control field | 20240213094719.0 |
| 008 - FIXED-LENGTH DATA ELEMENTS--GENERAL INFORMATION | |
| fixed length control field | 140717s2013 mx a gr 000 0 spa d |
| 020 ## - INTERNATIONAL STANDARD BOOK NUMBER | |
| International Standard Book Number | 9786077852322 |
| 040 ## - CATALOGING SOURCE | |
| Original cataloging agency | Mx-PuUPA |
| Language of cataloging | spa |
| Transcribing agency | Mx-PuUPA |
| Modifying agency | Mx-PuUPA |
| Description conventions | rda |
| 041 0# - LANGUAGE CODE | |
| Language code of text/sound track or separate title | spa |
| 245 03 - TITLE STATEMENT | |
| Title | La otra iglesia imposible / |
| Statement of responsibility, etc. | Federico Müggenburg, compilador |
| 250 ## - EDITION STATEMENT | |
| Edition statement | 1a. edición / |
| Remainder of edition statement | noviembre |
| 264 #1 - PRODUCTION, PUBLICATION, DISTRIBUTION, MANUFACTURE, AND COPYRIGHT NOTICE | |
| Place of production, publication, distribution, manufacture | Morelia, Mich. : |
| Name of producer, publisher, distributor, manufacturer | Ediciones Papiro Omega, |
| Date of production, publication, distribution, manufacture, or copyright notice | 2013 |
| 300 ## - PHYSICAL DESCRIPTION | |
| Extent | 276 páginas : |
| Other physical details | ilustraciones ; |
| Dimensions | 19 cm |
| 336 ## - CONTENT TYPE | |
| Content type term | texto |
| Fuente | rdacontent |
| Content type code | txt |
| 337 ## - MEDIA TYPE | |
| Media type term | sin medio |
| Source | rdamedia |
| Media type code | n |
| 338 ## - CARRIER TYPE | |
| Carrier type term | volumen |
| Source | rdacarrier |
| Carrier type code | nc |
| 650 #7 - SUBJECT ADDED ENTRY--TOPICAL TERM | |
| Topical term or geographic name entry element | Teología de la liberación |
| Source of heading or term | armarc |
| 700 1# - ADDED ENTRY--PERSONAL NAME | |
| Personal name | Müggenburg, Federico, |
| Relator term | compilador |
| 9 (RLIN) | 15336 |
| 942 ## - ADDED ENTRY ELEMENTS (KOHA) | |
| Source of classification or shelving scheme | Dewey Decimal Classification |
| Koha item type | Libro |
| Classification part | 230.0464 |
| Item part | O888 |
| Withdrawn status | Lost status | Source of classification or shelving scheme | Damaged status | Not for loan | Collection code | Home library | Current library | Shelving location | Date acquired | Source of acquisition | Total Checkouts | Full call number | Barcode | Date last seen | Copy number | Price effective from | Koha item type | Date last checked out |
|---|---|---|---|---|---|---|---|---|---|---|---|---|---|---|---|---|---|---|
| Dewey Decimal Classification | General | Biblioteca Karol Wojtyla | Biblioteca Karol Wojtyla | Sala general | 17/07/2014 | Compra | 230.0464 O888 2013 | 91992 | 05/01/2026 | Ej.7 | 17/07/2014 | Libro | ||||||
| Dewey Decimal Classification | General | Biblioteca Karol Wojtyla | Biblioteca Karol Wojtyla | Sala general | 17/07/2014 | Compra | 230.0464 O888 2013 | 91988 | 05/01/2026 | Ej.3 | 17/07/2014 | Libro | 22/01/2016 | |||||
| Dewey Decimal Classification | General | Biblioteca Karol Wojtyla | Biblioteca Karol Wojtyla | Sala general | 17/07/2014 | Compra | 230.0464 O888 2013 | 91990 | 05/01/2026 | Ej.5 | 17/07/2014 | Libro | ||||||
| Dewey Decimal Classification | General | Biblioteca Karol Wojtyla | Biblioteca Karol Wojtyla | Sala general | 03/12/2013 | Compra | 230.0464 O888 2013 | 48839 | 03/12/2013 | Libro | ||||||||
| Dewey Decimal Classification | General | Biblioteca Karol Wojtyla | Biblioteca Karol Wojtyla | Sala general | 17/07/2014 | Compra | 230.0464 O888 2013 | 91987 | 05/01/2026 | Ej.2 | 17/07/2014 | Libro | ||||||
| Dewey Decimal Classification | General | Biblioteca Karol Wojtyla | Biblioteca Karol Wojtyla | Sala general | 17/07/2014 | Compra | 230.0464 O888 2013 | 91989 | 05/01/2026 | Ej.4 | 17/07/2014 | Libro | ||||||
| Dewey Decimal Classification | General | Cholula | Cholula | Sala general | 17/07/2014 | Compra | 1 | 230.0464 O888 2013 | 91991 | 12/07/2024 | Ej.6 | 17/07/2014 | Libro | 04/07/2024 |